| 000 | 02400nam a22002897a 4500 | ||
|---|---|---|---|
| 999 |
_c63037 _d63037 |
||
| 003 | Ge_BSU | ||
| 005 | 20250516121150.0 | ||
| 008 | 250516s2017 ge ||||| |||| 00| 0 geo d | ||
| 020 | _a9789941135910 | ||
| 041 | _ageo | ||
| 080 | _a615 ვ-75 | ||
| 100 |
_aვოლენი, კარენ _925057 |
||
| 245 |
_aლიპინკოტის ილუსტრირებული გამოცემა: _bფარმაკოლოგია / _cკარენ ვოლენი; თანარედაქტორები: რიჩარდ ფინკელი, ტომას ა. პანაველილი; სამეცნ. რედაქტორი და მთარგმნელი თამარ კეზელი; ილუსტრაციები და გრაფიკული დიზაინი: მაიკლ კუპერი, კლერ ჰესი; მთარგმნელი და სამეცნ. რედაქტორი თამარ კეზელი; ყდის დიზაინი მარიამ ებრალიძე; ივანე ჯავახიშვილის სახ. თბილ. სახელმწ. უნ-ტი. |
||
| 250 | _aმე-6 გამოცემა | ||
| 264 |
_aთბილისი : _b თბილ. უნ-ტის გამოცემა, _c2017. |
||
| 300 |
_a918 გვ. : _bსურ. ; _c26 სმ. |
||
| 500 | _aგამოცემის თარგმანი: Lippincott illustrated reviews: Pharmacology. | ||
| 501 | _a საძიებელი: გვ. 867-916. | ||
| 700 |
_aფინკელი, რიჩარდ _eრედაქტორი _925058 |
||
| 700 |
_aპანაველილი, ტომას ა. _eრედაქტორი _925059 |
||
| 700 |
_aკეზელი, თამარ _eრედაქტორი, მთარგმნელი _923302 |
||
| 700 |
_aკუპერი, მაიკლ _eილუსტრატორი _925060 |
||
| 700 |
_aჰესი, კლერ _eილუსტრატორი _925061 |
||
| 700 |
_aებრალიძე, მარიამ _eყდის დიზაინერი _99113 |
||
| 710 |
_aივანე ჯავახიშვილის სახ. თბილ. სახელმწ. უნ-ტი _925062 |
||
| 942 |
_2udc _cᲬᲘᲒᲜᲘ |
||